00449nam a2200121Ia 4500008004100000245015200041260001900193260000900212300000600221650002600227650001200253856006200265170516s9999 xx 000 0 und d aRole of Cardiac Magnetic Resonance in the Evaluation of Dilated Cardiomyopathy: Diagnostic Contribution and Prognostic Significance, Marco Francone bISRN Radiology c2014 a: xRadiologic Technology xRadtech uhttps://www.hindawi.com/journals/isrn/contents/radiology/